书目信息 |
| 题名: |
形势与政策
|
|
| 作者: | 陈干初 , 李永旭 主编 | |
| 分册: | ||
| 出版信息: | 北京 中共中央党校出版社 2018 |
|
| 页数: | 161页 | |
| 开本: | 26cm | |
| 丛书名: | ||
| 单 册: | ||
| 中图分类: | G641.4 | |
| 科图分类: | ||
| 主题词: | 时事政策教育--shi shi zheng ce jiao yu--高等学校--教材 | |
| 电子资源: | ||
| ISBN: | 978-7-5035-5078-2 | |
| 000 | 00935nam0 2200277 45 | |
| 001 | 012001002423 | |
| 005 | 20131023130605.0 | |
| 010 | @a978-7-5035-5078-2@dCNY25.00 | |
| 099 | @aCAL 012018006197 | |
| 100 | @a20150714d2014 em y0chiy50 ea | |
| 101 | 0 | @achi |
| 102 | @aCN@b110000 | |
| 105 | @ay a 000yy | |
| 106 | @ar | |
| 200 | 1 | @a形势与政策@Axing shi yu zheng ce@f主编陈干初, 李永旭 |
| 210 | @a北京@c中共中央党校出版社@d2018 | |
| 215 | @a161页@d26cm | |
| 320 | @a有书目 (第161页) | |
| 330 | @a本书共分为八讲, 主要内容包括: 政治新风气: 安定团结, 积极进取 ; 经济新形势: 稳中向好, 稳中求进 ; 聚焦新话题: 关注热点, 熟悉世情等。 | |
| 333 | @a高等学校思想政治理论课教材 | |
| 606 | 0 | @a时事政策教育@Ashi shi zheng ce jiao yu@x高等学校@j教材 |
| 690 | @aG641.4@v5 | |
| 701 | 0 | @a陈干初@Achen gan chu@4主编 |
| 701 | 0 | @a李永旭@Ali yong xu@4主编 |
| 801 | 2 | @aCN@b江苏凤凰@c20191020 |
| 905 | @b1220123-7@dG641.4@e1296@f5 | |
| 形势与政策/主编陈干初, 李永旭.-北京:中共中央党校出版社,2018 |
| 161页;26cm |
| 使用对象:高等学校思想政治理论课教材 |
| ISBN 978-7-5035-5078-2:CNY25.00 |
| 本书共分为八讲, 主要内容包括: 政治新风气: 安定团结, 积极进取 ; 经济新形势: 稳中向好, 稳中求进 ; 聚焦新话题: 关注热点, 熟悉世情等。 |
| ● |
| 相关链接 |
|
|
|
|
正题名:形势与政策
索取号:G641.4/1296
 
预约/预借
| 序号 | 登录号 | 条形码 | 馆藏地/架位号 | 状态 | 备注 |
| 1 | 1220123 | 212201231 | 第一样本阅览室/ [索取号:G641.4/1296] | 在馆 | |
| 2 | 1220124 | 212201240 | 教育系资料室/ [索取号:G641.4/1296] | 在馆 | |
| 3 | 1220125 | 212201259 | 教育系资料室/ [索取号:G641.4/1296] | 在馆 | |
| 4 | 1220126 | 212201268 | 第四借阅区/ [索取号:G641.4/1296] | 在馆 | |
| 5 | 1220127 | 212201277 | 第四借阅区/ [索取号:G641.4/1296] | 在馆 |